000
00325nam a2200109Ia 4500
008
171211s9999 xx 000 0 und d
245
_a
Routledge Handbook of Contemporary Bangladesh
245
_c
Ali Riaz
260
_c
2016
650
_x
Encyclopedia and Dictionary
856
_u
http://down.ebook777.com/057/9780415734615.pdf
999
_c
350179
_d
350179